01742nam a22003614a 4500001001200000003000800012006001900020007001500039008004100054010001700095020003500112020003800147040002100185035002100206043001200227050002700239082001200266100003000278245012700308260005100435300006200486504006600548505031900614533015200933650003601085650001901121650002801140651002301168655002901191710001701220856012601237999001701363ebr10354559CaPaEBRm u cr cn|||||||||060327s2006 iauabf sb s001 0 eng  z 2006044599 z0877459797 (cloth : alk paper) z9780877459798 (cloth : alk paper) aCaPaEBRcCaPaEBR a(OCoLC)297115933 as-pe---14aF3429.3.P8bP76 2006eb04a9852221 aProulx, Donald A.,d1939-12aA sourcebook of Nasca ceramic iconographyh[electronic resource] :breading a culture through its art /cDonald A. Proulx. aIowa City :bUniversity of Iowa Press,cc2006. axii, 236 p., [15] p. of plates :bill. (some col.), maps. aIncludes bibliographical references (p. [211]-228) and index.0 aOverview of the Nasca culture -- Nasca pottery and its artistic canons -- The discovery of the Nasca style and its chronological placement -- Approaches to the interpretation of Nasca iconography -- A description and interpretation of the major themes in Nasca ceramic iconography -- New insights on Nasca society. aElectronic reproduction.bPalo Alto, Calif. :cebrary,d2013.nAvailable via World Wide Web.nAccess may be limited to ebrary affiliated libraries. 0aNazca potteryxThemes, motives. 0aNazca culture. 0aIdols and imageszPeru. 0aPeruxAntiquities. 7aElectronic books.2local2 aebrary, Inc.40uhttp://site.ebrary.com/lib/rucke/Doc?id=10354559zAn electronic book accessible through the World Wide Web; click to view c34575d34575